000 00405nam a2200145Ia 4500
008 190228s9999 xx 000 0 und d
020 _a9781259255458
100 _aColander, David C.
245 _cColander, David C.
_aDavid C. Colander.--
_bEconomics /
250 _a10th ed
260 _aUSA :
_bMcGraw-Hill
_c2017
300 _axxxii, 849 pages.
500 _aIncludes indexes.
650 _aEconomics.
999 _c361317
_d361317